[Event "SRB-chT2 West"]
[Site "Vrnjacka Banja"]
[Date "2013.10.12"]
[Round "4"]
[White "Rancic, Zoran"]
[Black "Stefanovic, Boban"]
[Result "1/2-1/2"]
[WhiteElo "2196"]
[BlackElo "2139"]
[PlyCount "58"]
[EventDate "2013.10.10"]
[EventType "team-tourn"]
[EventRounds "8"]
[EventCountry "SRB"]
[SourceTitle "EXT 2014"]
[Source "ChessBase"]
[SourceDate "2013.11.20"]
[SourceVersion "1"]
[SourceVersionDate "2013.11.20"]
[SourceQuality "1"]

1. Nf3 d5 2. b3 Nf6 3. Bb2 Bf5 4. e3 Nbd7 5. Be2 e6 6. 0-0 Bd6 7. d4 0-0 8. Ne5 h6 9. c4 c6 10. Nd2 Ne4 11. Nxe4 Bxe4 12. f3 Bh7 13. Bd3 Bxd3 14. Qxd3 Qc7 15. f4 f5 16. Nxd7 Qxd7 17. c5 Bc7 18. a4 g5 19. b4 a6 20. Bc3 Kh8 21. Qe2 Kg7 22. Bd2 Bd8 23. Rfb1 Bf6 24. Bc3 Kh7 25. Qh5 Qg7 26. Rd1 Rg8 27. g3 g4 28. Kf2 Qg6 29. Qxg6+ Kxg6 1/2-1/2

[Event "SRB-chT2 West CS"]
[Site "Serbia"]
[Date "2012.09.15"]
[Round "2.2"]
[White "Stefanovic, Boban"]
[Black "Mladenovic, Zoran"]
[Result "1-0"]
[WhiteElo "2132"]
[BlackElo "1939"]
[PlyCount "72"]
[EventDate "2012.09.14"]
[EventType "team"]
[EventRounds "10"]
[EventCountry "SRB"]
[SourceTitle "EXT 2015"]
[Source "ChessBase"]
[SourceDate "2014.11.20"]
[SourceVersion "1"]
[SourceVersionDate "2014.11.20"]
[SourceQuality "1"]

1. e4 e5 2. Nf3 Nc6 3. Bc4 Nf6 4. d4 exd4 5. Nxd4 Bc5 6. Nxc6 bxc6 7. e5 Ne4 8. 0-0 Qh4 9. Qf3 Ng5 10. Qf4 Qxf4 11. Bxf4 Ne6 12. Bg3 d5 13. exd6 cxd6 14. Nc3 d5 15. Nxd5 0-0 16. Nc7 Nxc7 17. Bxc7 Bf5 18. c3 Rfe8 19. Rfe1 h5 20. h3 Rac8 21. Rxe8+ Rxe8 22. Rd1 g5 23. Rd8 Kf8 24. b4 Be7 25. Rxe8+ Kxe8 26. Be5 Bd8 27. Be2 h4 28. Ba6 Kd7 29. Bd4 Bb6 30. Bf6 Bd8 31. Be5 Be6 32. a4 Bb3 33. a5 Bc7 34. Bd4 Bb8 35. Kf1 Ke6 36. Ke2 Be5 1-0

[Event "SRB-chT3 North"]
[Site "Serbia"]
[Date "2007.??.??"]
[Round "3"]
[White "Dimitrijevic, Milorad"]
[Black "Stefanovic, Boban"]
[Result "1/2-1/2"]
[WhiteElo "2325"]
[BlackElo "2147"]
[PlyCount "35"]
[EventDate "2007.09.02"]
[EventType "team"]
[EventRounds "11"]
[EventCountry "SRB"]
[SourceTitle "EXT 2012"]
[Source "ChessBase"]
[SourceDate "2011.11.24"]
[SourceVersion "1"]
[SourceVersionDate "2011.11.24"]
[SourceQuality "1"]
[WhiteTeam "Karadjordje Topola"]
[BlackTeam "Strazevica Batocina"]
[WhiteTeamCountry "SRB"]
[BlackTeamCountry "SRB"]

1. Nf3 d5 2. d4 c6 3. c4 e6 4. e3 f5 5. Nbd2 Nf6 6. Bd3 Bd6 7. c5 Bc7 8. b4 a6 9. Bb2 Nbd7 10. Qc2 Ne4 11. Ne5 0-0 12. g3 Ndf6 13. f3 Nxd2 14. Qxd2 Bd7 15. a4 Be8 16. 0-0-0 b6 17. Qc3 Qb8 18. f4 1/2-1/2

[Event "SRB-chT3 North"]
[Site "Serbia"]
[Date "2007.??.??"]
[Round "2"]
[White "Stefanovic, Boban"]
[Black "Maksic, Dragan"]
[Result "1/2-1/2"]
[WhiteElo "2147"]
[BlackElo "2220"]
[PlyCount "20"]
[EventDate "2007.09.02"]
[EventType "team"]
[EventRounds "11"]
[EventCountry "SRB"]
[SourceTitle "EXT 2012"]
[Source "ChessBase"]
[SourceDate "2011.11.24"]
[SourceVersion "1"]
[SourceVersionDate "2011.11.24"]
[SourceQuality "1"]
[WhiteTeam "Strazevica Batocina"]
[BlackTeam "Knic"]
[WhiteTeamCountry "SRB"]
[BlackTeamCountry "SRB"]

1. e4 e5 2. Nf3 Nf6 3. Nxe5 d6 4. Nf3 Nxe4 5. Nc3 Nf6 6. d4 Bf5 7. Bd3 Qd7 8. Qe2+ Be7 9. Bxf5 Qxf5 10. 0-0 Nc6 1/2-1/2

[Event "SRB-chT2 West"]
[Site "Serbia"]
[Date "2006.09.23"]
[Round "3.3"]
[White "Nikolajevic, Branislav"]
[Black "Stefanovic, Boban"]
[Result "1/2-1/2"]
[WhiteElo "2132"]
[BlackElo "2169"]
[PlyCount "95"]
[EventDate "2006.09.09"]
[EventType "team"]
[EventRounds "11"]
[EventCountry "SRB"]
[SourceTitle "EXT 2012"]
[Source "ChessBase"]
[SourceDate "2011.11.24"]
[SourceVersion "1"]
[SourceVersionDate "2011.11.24"]
[SourceQuality "1"]

1. e4 c5 2. Nf3 d6 3. Bb5+ Nd7 4. 0-0 a6 5. Bc4 e6 6. a4 Ngf6 7. Re1 Be7 8. Nc3 0-0 9. d3 b6 10. Bf4 Nh5 11. Be3 Bb7 12. Qe2 Re8 13. Rad1 Nhf6 14. Bb3 Qc7 15. Bf4 Nh5 16. Bc1 Nhf6 17. Bf4 Nh5 18. Bc1 h6 19. d4 cxd4 20. Nxd4 Nhf6 21. f3 Nc5 22. Ba2 Bf8 23. Nb3 d5 24. e5 Nxb3 25. Bxb3 Nd7 26. Kh1 Nc5 27. Ba2 Bc6 28. Rd4 b5 29. axb5 axb5 30. b4 Nd7 31. Bb3 Rab8 32. Bf4 g5 33. Bg3 Bg7 34. f4 Qa7 35. Red1 f6 36. Nxd5 exd5 37. Bxd5+ Bxd5 38. Rxd5 Nf8 39. Qg4 Qf7 40. exf6 Bxf6 41. fxg5 hxg5 42. h4 Rbd8 43. hxg5 Rxd5 44. Rxd5 Bg7 45. Rf5 Qc4 46. Qh5 Re4 47. g6 Rg4 48. Rg5 1/2-1/2